[Event "Avoine op 32nd"]
[Site "Avoine"]
[Date "2017.07.22"]
[Round "3"]
[White "Lucidarme, Damien"]
[Black "Meunier Pion, Jean"]
[Result "0-1"]
[WhiteElo "1894"]
[BlackElo "2213"]
[PlyCount "106"]
[EventDate "2017.07.22"]
[EventType "swiss"]
[EventRounds "9"]
[EventCountry "FRA"]
[SourceTitle "CBM 179 Extra"]
[Source "ChessBase"]
[SourceDate "2017.08.23"]
[SourceVersion "1"]
[SourceVersionDate "2017.08.23"]
[SourceQuality "1"]

1. e4 c5 2. Nc3 a6 3. f4 e6 4. Nf3 d5 5. d3 Nc6 6. g3 g6 7. Bg2 Nge7 8. 0-0 Bg7 9. a3 b5 10. e5 Qb6 11. Ne2 a5 12. Kh1 Ba6 13. Re1 h5 14. Be3 Nf5 15. Bf2 Bf8 16. Kg1 Be7 17. Qd2 Qb7 18. d4 c4 19. c3 Kf8 20. h3 Nh6 21. Nh2 Ke8 22. g4 Kd7 23. Ng3 hxg4 24. hxg4 b4 25. axb4 axb4 26. f5 Bb5 27. f6 Bf8 28. Be3 Na5 29. Qf2 Nb3 30. Rxa8 Qxa8 31. Bf3 Qa5 32. Bd2 Qa2 33. Bg5 bxc3 34. bxc3 Qxf2+ 35. Kxf2 Nf5 36. Ngf1 Nfxd4 37. cxd4 Nxd4 38. Ra1 Bc5 39. Kg3 Nb3 40. Rb1 Bd4 41. Re1 Bc3 42. Re2 Nd4 43. Re3 Bb4 44. Re2 Nxe2+ 45. Bxe2 d4 46. Nf3 d3 47. Bd1 Ra8 48. Nd4 Ba4 49. Bf3 Be1+ 50. Kg2 Rb8 51. Be4 d2 52. Nxd2 Bxd2 53. Bxg6 fxg6 0-1

[Event "Sables d'Olonne op 3rd"]
[Site "Sables d'Olonne"]
[Date "2016.07.20"]
[Round "6"]
[White "Stets, Dmitry"]
[Black "Lucidarme, Damien"]
[Result "1-0"]
[WhiteElo "2416"]
[BlackElo "1827"]
[PlyCount "35"]
[EventDate "2016.07.16"]
[EventType "swiss"]
[EventRounds "9"]
[EventCountry "FRA"]
[SourceTitle "CBM 173 Extra"]
[Source "ChessBase"]
[SourceDate "2016.08.29"]
[SourceVersion "1"]
[SourceVersionDate "2016.08.29"]
[SourceQuality "1"]

1. e4 e5 2. Nf3 f5 3. Nxe5 Qf6 4. d4 d6 5. Nc4 fxe4 6. Nc3 Qg6 7. Qe2 Nf6 8. f3 Nc6 9. Be3 exf3 10. gxf3 Bf5 11. d5 Ne7 12. 0-0-0 a6 13. Na5 0-0-0 14. Nxb7 Bxc2 15. Qxa6 Kd7 16. Bb5+ c6 17. dxc6+ Ke6 18. Nxd8+ 1-0

[Event "Sables d'Olonne op 3rd"]
[Site "Sables d'Olonne"]
[Date "2016.07.19"]
[Round "5"]
[White "Lucidarme, Damien"]
[Black "Ruhlmann, Helene"]
[Result "0-1"]
[WhiteElo "1827"]
[BlackElo "1730"]
[PlyCount "96"]
[EventDate "2016.07.16"]
[EventType "swiss"]
[EventRounds "9"]
[EventCountry "FRA"]
[SourceTitle "CBM 173 Extra"]
[Source "ChessBase"]
[SourceDate "2016.08.29"]
[SourceVersion "1"]
[SourceVersionDate "2016.08.29"]
[SourceQuality "1"]

1. e4 c6 2. Nc3 d5 3. g3 d4 4. Nce2 e5 5. d3 c5 6. f4 Nc6 7. a3 Nf6 8. Bh3 Be7 9. Bxc8 Rxc8 10. h3 c4 11. Nf3 exf4 12. gxf4 Nh5 13. 0-0 h6 14. dxc4 g5 15. f5 Rg8 16. Nfxd4 Bc5 17. c3 g4 18. Kf2 Qh4+ 19. Ke3 Qxh3+ 20. Kd2 g3 21. Kc2 g2 22. Rg1 Ne5 23. b4 Be7 24. Nf4 Nxf4 25. Bxf4 Bf6 26. c5 Rg4 27. Nb5 Rxf4 28. Nd6+ Kf8 29. Nxc8 Rf2+ 30. Kb3 Nf3 31. e5 Nxe5 32. Nd6 Nf3 33. Qd5 Ng5 34. Rae1 Qxc3+ 35. Ka4 Rd2 36. Qxb7 Ra2 37. Qa8+ Kg7 38. Ne8+ Kh7 39. Nxf6+ Qxf6 40. Rxg2 Qa6+ 41. Kb3 Rxa3+ 42. Kb2 Qd3 43. Rc2 Qb3+ 44. Kc1 Ra1+ 45. Kd2 Qxb4+ 46. Kd3 Qxe1 47. Qb7 Ra3+ 48. Kc4 Qh4+ 0-1